00472 2200193 4500001002100000005001500021008004100036020001800077035001900095041000700114082001500121090001600136100001500152245002500167250000600192260003300198300002100231650002600252INLIS00000000001258920241224114408241224||||||||| | ||| |||| || |  a979-666-245-0 0010-1224012589 aid0 a574.4 TIMm a574.4 TIM m0 aHasan amin00aMAHLUK HIDUP MANUSIA a5 aJakartabbalai pustakac1998 a31hlm,:ilus,20cm 0aIlmu Pengetahuan Alam